Pedagógiai és tankönyvkiállítás Budapesten

Elmentve itt :
Bibliográfiai részletek
Szerző: Kemény Ferenc
Dokumentumtípus: Cikk
Megjelent: 1927
Sorozat:Magyar pedagógia : a Magyar Tudományos Akadémia Pedagógiai Bizottságának folyóirata 36
Kulcsszavak:Tankönyvkiállítás Budapest 1927, Közoktatás magyar kiállítás 1927, Pedagógiai kiállítás
Online Access:http://misc.bibl.u-szeged.hu/10337
LEADER 00743nab a2200181 i 4500
001 misc10337
005 20191106142958.0
008 170607s1927 hu o 0|| hun d
022 |a 0025-0260 
040 |a SZTE Miscellanea Repozitórium  |b hun 
041 |a hun 
100 1 |a Kemény Ferenc 
245 1 0 |a Pedagógiai és tankönyvkiállítás Budapesten  |h [elektronikus dokumentum] /  |c  Kemény Ferenc 
260 |c 1927 
300 |a 157-159 
490 0 |a Magyar pedagógia : a Magyar Tudományos Akadémia Pedagógiai Bizottságának folyóirata  |v 36 
695 |a Tankönyvkiállítás Budapest 1927, Közoktatás magyar kiállítás 1927, Pedagógiai kiállítás 
856 4 0 |u http://misc.bibl.u-szeged.hu/10337/1/mp_1927_3004_157-159.pdf  |z Dokumentum-elérés